Semiotique et sciences sociales (Record n. 66138)

Dettagli MARC
000 -LEADER
fixed length control field 01216nam a2200337Ia 4500
001 - CONTROL NUMBER
control field 14489
003 - CONTROL NUMBER IDENTIFIER
control field IT-RoPAU
008 - FIXED-LENGTH DATA ELEMENTS--GENERAL INFORMATION
fixed length control field 130308s9999 xx 000 0 und d
040 ## - CATALOGING SOURCE
Original cataloging agency IT-RoPAU
040 ## - CATALOGING SOURCE
Transcribing agency IT-RoPAU
041 ## - LANGUAGE CODE
Language code of text/sound track or separate title FRANCESE
999 ## - SYSTEM CONTROL NUMBERS (KOHA)
Koha Dewey Subclass [OBSOLETE] SI
100 ## - MAIN ENTRY--PERSONAL NAME
Personal name Greimas Algirdas Julien
100 ## - MAIN ENTRY--PERSONAL NAME
Miscellaneous information Codice Aut. SPICS: 5822
242 ## - TRANSLATION OF TITLE BY CATALOGING AGENCY
Title SEMIOTICA E SCIENZE SOCIALI
242 ## - TRANSLATION OF TITLE BY CATALOGING AGENCY
Number of part/section of a work Cod. Traduzione Titolo: A6338
242 ## - TRANSLATION OF TITLE BY CATALOGING AGENCY
Language code of translated title ITA
245 ## - TITLE STATEMENT
Title Semiotique et sciences sociales
245 ## - TITLE STATEMENT
Remainder of title Semiotique et Sciences Sociales
250 ## - EDITION STATEMENT
Edition statement 1a ed.
260 ## - PUBLICATION, DISTRIBUTION, ETC. (IMPRINT)
Place of publication, distribution, etc. PARIS
260 ## - PUBLICATION, DISTRIBUTION, ETC. (IMPRINT)
Name of publisher, distributor, etc. Seuil
260 ## - PUBLICATION, DISTRIBUTION, ETC. (IMPRINT)
Date of publication, distribution, etc. 1976 [1° Ed.:1976 - Ed.Ling.Originale:1976]
300 ## - PHYSICAL DESCRIPTION
Extent "220 p. (prefazione: no ; testo: 220)"
500 ## - GENERAL NOTE
General note Semiotica e Scienze Sociali Discorso Scientifico nelle Scienze Sociali Comunicazione Sociale e Semiotica Modelli Teorici in Sociolinguistica Costruzione di Oggetti Semiotici Analisi Semiotica di un Discorso Giuridico per una Semiotica topologica Intrusioni Storia degli Avvenimenti e Storia Fondamentale Riflessioni Sugli Oggetti Etno Semiotici Letteratura Etnica
650 ## - SUBJECT ADDED ENTRY--TOPICAL TERM
Topical term or geographic name as entry element SEMIOLOGIA
650 ## - SUBJECT ADDED ENTRY--TOPICAL TERM
Relator term Codice materia Spics: 3251
942 ## - ADDED ENTRY ELEMENTS (KOHA)
Koha item type LIBRO
957 ## -
-- 1
999 ## - SYSTEM CONTROL NUMBERS (KOHA)
-- 1
Dati di copia
Withdrawn status Lost status Damaged status Not for loan Home library Current library Date acquired Total Checkouts Full call number Date last seen Price effective from Koha item type Public note
    Buone Condizioni Not For Loan SPICS-MEDIATECA SPICS-MEDIATECA 08/03/2013   14489 08/03/2013 08/03/2013 LIBRO Progressivo inserimento: 5958 / N. Volumi: 1 Copie: 1 Copia Rara: SI / data import: 1 marzo 2013 - By Epidotti, Trombetti, Vaglietti.
CREDITS: SOCIETA' SAN PAOLO Via A.Severo, 58 - ROMA (RM) & PERIODICI SAN PAOLO SRL Via Giotto, 36 MILANO & CISF Via Giotto, 36 MILANO & EDIZIONI SAN PAOLO SRL,  Piazza Soncino, 5 CINISELLO BALSAMO (MI) -- ITALY